000 00236nam a2200097Ia 4500
008 240331s9999 xx 000 0 und d
082 _bVAR
100 _aILO. ed
245 0 _aVarlvatharamum Tholilai Uruvakkuthalum :
_b12 issues
942 _cL
999 _c3607
_d3607